Statistics for Game of Thrones: Houses of the Riverlands

Click here to take the quiz!

General Stats

  • This quiz has been taken 15 times
  • The average score is 19 of 56

Answer Stats

Answer% Correct
Frey
100%
Tully
100%
Blackwood
78%
Bracken
78%
Darry
78%
Baelish
67%
Smallwood
67%
Whent
67%
Lothston
56%
Mooton
56%
Piper
56%
Vance of Atranta
56%
Vance of Wayfarer's Rest
56%
Butterwell
44%
Hoare
44%
Mallister
44%
Ryger
44%
Charlton
33%
Fisher
33%
Goodbrook
33%
Harlton
33%
Harroway
33%
Hawick
33%
Justman
33%
Lannister of Darry
33%
Mudd
33%
Qoherys
33%
Roote
33%
Slynt
33%
Strong
33%
Bigglestone
22%
Blanetree
22%
Chambers
22%
Cox
22%
Deddings
22%
Erenford
22%
Grell
22%
Grey
22%
Haigh
22%
Lychester
22%
Wode
22%
Frey of Riverrun
11%
Hook
11%
Keath
11%
Lolliston
11%
Nayland
11%
Nutt
11%
Paege
11%
Pemford
11%
Perryn
11%
Shawney
11%
Teague
11%
Terrick
11%
Towers
11%
Vypren
11%
Wayn
11%

Score Distribution

Percentile by Number Answered

Percent of People with Each Score

Your Score History

You have not taken this quiz